| 000 | 01223cam a2200313 a 4500 | ||
|---|---|---|---|
| 001 | 4925226 | ||
| 005 | 20020829200617.0 | ||
| 008 | 950515s2010 ii ||| 00| 0 ng d | ||
| 010 | _a 95022252 | ||
| 020 | _a9788189757724 | ||
| 040 |
_aDLC _cDLC _dDLC |
||
| 041 | 1 |
_aeng _hdut |
|
| 050 | 0 | 0 |
_aTK7878 _b.K51713 1996 |
| 082 | 0 | 0 |
_222 _a621.381548 _bGUP |
| 100 | 1 |
_aGupta, J. B. _913271 |
|
| 240 | 1 | 0 |
_aElektrotechnisch meten. _lEnglish |
| 245 | 1 | 0 |
_aElectronic Measurement and Instrumentation / _cBy J. B. Gupta |
| 250 | _a2nd ed. | ||
| 260 |
_aNew Delhi: _bS. K. Kataria & Sons, 2010 _c2010 |
||
| 300 |
_a497 p. : _bill. ; _c24 cm. |
||
| 504 | _aIncludes index. | ||
| 650 | 0 |
_aElectronic measurements. _99272 |
|
| 650 | 0 |
_aElectronic instruments. _99273 |
|
| 856 | 4 | 2 | _uhttp://www.loc.gov/catdir/description/cam027/95022252.html |
| 856 | 4 | 1 | _uhttp://www.loc.gov/catdir/toc/cam026/95022252.html |
| 942 |
_2ddc _cBB |
||
| 999 |
_c13819 _d13819 |
||